000 00378cam a22001097a 4500
008 180718b1967 xxu||||| |||| 00| 0 eng d
082 _aT42x42 Un3/34
245 _aBank charges
_cby National Board for Prices and Incomes, United Kingdom
260 _aLondon
_bHer Majesty's Stationery Office
_c1967
300 _a80p
700 _aUnited Kingdom. National Board for Prices and Incomes
999 _c498063
_d498063